000 00844cam a2200253 a 4500
999 _c4395
_d4395
001 3316488
003 GBCCL
005 20241126110517.0
008 850515s1984 miu b 000 0 eng
010 _a 84071586
020 _a0801024897
040 _aDLC
_cDLC
_dDLC
050 0 0 _aBS2675.2
_b.C37 1984
082 0 0 _a227.306
_219
_bCAR
100 1 _aCarson, D. A.
_920
245 1 0 _aFrom triumphalism to maturity :
_ban exposition of 2 Corinthians 10-13 /
_cDonald A. Carson.
260 _aGrand Rapids, Mich. :
_bBaker Book House,
_c1996, c1984.
300 _axii, 186 p. ;
_c23 cm.
504 _aBibliography: p. xi-xii.
630 0 0 _aBible.
_pCorinthians, 2nd, X-XIII
_xCriticism, interpretation, etc.
_98247
730 0 _aBible.
_pCorinthians, 2nd, X-XIII.
_98248
906 _a7
_bcbc
_corignew
_d3
_eopcn
_f19
_gy-gencatlg
942 _2ddc
_cBK